Evolución política y económica de la España Contemporánea / (Record no. 116152)

MARC details
000 -LEADER
campo de control de longitud fija 00509nam a2200157 4500
001 - NÚMERO DE CONTROL
campo de control 116152
003 - IDENTIFICADOR DE NÚMERO DE CONTROL
campo de control ES-MaACL
005 - FECHA Y HORA DE LA ÚLTIMA TRANSACCIÓN
campo de control 20230906190639.0
007 - CAMPO FIJO DE DESCRIPCIÓN FÍSICA--INFORMACIÓN GENERAL
campo de control de longitud fija t|
008 - DATOS DE LONGITUD FIJA--INFORMACIÓN GENERAL
campo de control de longitud fija 061121s1968 sp r ||||1| spa d
100 0# - ENTRADA PRINCIPAL--NOMBRE DE PERSONA
Nombre de persona París Eguilaz, Higinio.
9 (RLIN) 89148
245 10 - MENCIÓN DEL TÍTULO
Título Evolución política y económica de la España Contemporánea /
Mención de responsabilidad, etc. por Higinio Paris Eguilaz.
260 ## - PUBLICACIÓN, DISTRIBUCIÓN, ETC.
Lugar de publicación, distribución, etc. Madrid :
Nombre del editor, distribuidor, etc. [s.n.],
Fecha de publicación, distribución, etc. 1968 (
Fabricante Imp. Sucs. J. Sánchez de Ocaña)
300 ## - DESCRIPCIÓN FÍSICA
Extensión 338 p. ;
Dimensiones 24 cm.
852 ## - LOCALIZACIÓN
Ubicación ES-MaACL
Número de control de estantería C-34923
Sublocalización o colección R.68009
Holdings
Estatus retirado Estado de pérdida Estado de daño No para préstamo Biblioteca de origen Biblioteca actual Ubicación en estantería Fecha de adquisición Fuente de adquisición Total de préstamos Signatura topográfica completa Código de barras Visto por última vez Precio de reemplazo Tipo de ítem Koha
        Biblioteca del Ateneo de Madrid Biblioteca del Ateneo de Madrid Depósito 2 17/01/2008     C-34923 1121125 23/02/2023 23/02/2023 Libro impreso